00853 2200277 4500001002100000005001500021035002000036007000300056008004100059020002200100082001100122084001700133100003200150245012200182250001000304260003300314300003600347500005800383650002900441700001600470700002200486700001400508504003100522990001100553990001100564INLIS00000000000372420190715031223 a0010-0719000142ta190715 g 0 ind  a978-602-6579-28-7 a297.95 a297.95 ALI s0 aALI, Muhammad Ash- Shallabi1 aSejarah Daulah Utsmaniyah /cAli Muhammad Ash- Shallabi; alih bahasa, Imam Fauzi; editor, Firman Arifianto, M. Muflih acet.1 aJakarta :bUmmul Qura,c2017 axxvii, 960 hlm :bilus ;c24 cm aJudul asli: Ad-Daulah al-Utsmaniyyah Awamil An-Nuhudh 4aISLAM. DAULAH UTSMANIYAH0 aIMAM, Fauzi0 aFIRMAN, Arifianto0 aMUFLIH, M aBibliografi.: hlm. 947-960 a6896 a a6896 b